000 00223 a2200097 4500
001 20699
100 _aTruscott, F W
245 _aPhilosophical essay on probabilities, A
260 _a
_bDover
_c1951
090 _c14992
_d14992
942 _aNUST-CAE
_cM
_c5549
999 _c255772
_d255772